The Middle East remembered : forged identities, competing narratives, contested spaces /

محفوظ في:

المؤلف الرئيسي: Lassner, Jacob. (مؤلف)

التنسيق: كتاب

اللغة: English

منشور في: Ann Arbor : University of Michigan Press, 2000.

الموضوعات:

الوسوم: إضافة وسم

لا توجد وسوم, كن أول من يضع وسما على هذه التسجيلة!

رقم الطلب: DS35.65 .L37 2000

LEADER 00834nam a2200241Ia 4500
003 OSt
005 20251124124040.0
008 211223s2000 miua b s001 0 eng
020 |a 0472110837 
040 |c ARCE Library 
050 4 |a DS35.65 .L37 2000 
100 1 |a Lassner, Jacob.   |e author 
245 1 4 |a The Middle East remembered :   |b forged identities, competing narratives, contested spaces /   |c Jacob Lassner. 
264 1 |a Ann Arbor :   |b University of Michigan Press,   |c 2000. 
300 |a xvii, 428 p. :   |c ill. ;   |b 24 cm. 
504 |a Includes bibliographic references (p. 387-420) and index. 
650 0 |a Jews   |z Islamic Empire   |x Historiography. 
650 0 |a Historians, Arab. 
650 0 |a Muslim historians. 
651 0 |a Islamic Empire   |x History   |x Study and teaching. 
901 |a reviewed 
942 |2 lcc  |c BK 
999 |c 41314  |d 41314